00417nam a2200169 a 45000010005000000030009000050080041000140400028000550820009000831000012000922450041001042500007001452600032001523000015001844900025001996500023002245805CO-ViMGA141112s2004 ck r 000 u spa d aCO-ViMGAbspacCO-ViMGA04aJANs1 aJanosch10aAventuras en el baul de los juguetes a2a aBarcelona : bLabor, c1982 a100 p : il aBolsillo juvenil, 1014aCUENTOS INFANTILES